000 00696nam a2200205 i 4500
001 84070
003 ES-MaACL
005 20230906174935.0
007 t|
008 041119s1947 fr ||||1| fre d
100 1 _aJavet, Pierre.
_966204
245 1 3 _aLa figure de l'univers
_b: los mogonies modernes /
_cpar Pierre Javet ; préface de G. Tiercy.
260 _aNeuchatel :
_bGriffon,
_c[1947] (
_fImprimerie Centrale)
300 _a209 p., 8 lám. ;
_c20 cm.
490 1 _aLes problèmes de la philosophie des sciences
700 1 _aTiercy, G.
_9110233
830 0 _aLes problèmes de la philosophie des sciences
_9183819
852 _aES-MaACL
_jC-4822
_bR.25350
999 _c84070
_d84070